000 01060nam2a22002531 4500
001 v19\rc\1878477
005 20250619180201.0
035 _a(NLR Aleph) 004988604
090 _a6261475
_c6261475
100 _a20080221f19101917|||y0rusy50 ca
101 1 _arus
_ceng
102 _aRU
105 _ay z |||||
200 0 _aТ. 1
215 _a112 с.
225 1 _a...
_iСер. 2
_vВып. 1
461 0 _1001v19\rc\1878476
_12001#$aВаши силы и способ их употребления$fПрентис Мюльфорд$gПер. А. Александрова. Т. 1-$vТ. 1
_1700#1$aМальфорд$bП.$f1834-1891$gПрентис$6z01790
_96261471
_aМальфорд, П. (1834-1891)
_cСанкт-Петербург
_d1910-
_fПрентис Мюльфорд
_nтип. В.Я. Мильштейна
_tВаши силы и способ их употребления
_vТ. 1
801 0 _aRU
_bNLR
_gpsbo
801 1 _aRU
_bProSoft-M
_2rusmarc
852 _aNLR
_bМф
_jК1/13167
852 _aNLR
_j129/5593
852 _aNLR
_j38.75.4.44
942 _cBOOK
980 _aNB